| 000 | 00993nam a2200265 a 4500 | ||
|---|---|---|---|
| 001 | 000005237 | ||
| 003 | OSt | ||
| 005 | 20241010113234.0 | ||
| 008 | 090818s1994 sp c 001 0 spa d | ||
| 020 | _a840007419X | ||
| 040 |
_aDO-SdBNP _bspa _cBNPHU |
||
| 082 |
_a923.7 _bO87m |
||
| 100 | 1 |
_aOtero Urtaza, Eugenio M., _914943 |
|
| 245 | 1 | 0 |
_aManuel Bartolomé Cossío : _btrayectoria vital de un educador / _cEugenio M. Otero Urtaza ; prólogo Julio Ruiz Berrio. |
| 260 |
_aMadrid, España : _bCSIC, _c1994. |
||
| 300 |
_a420 p. : _bretr. ; _c21 cm. |
||
| 500 | _aIncluye índice onomástico | ||
| 504 | _aIncluye referencias bibliográficas y notas al pie de las páginas | ||
| 650 | 4 |
_aCossío, manuel batolomé, _d1858-1935 _914944 |
|
| 650 | 0 |
_aPedagogía _9693 |
|
| 650 | 4 |
_aMétodos de enseñanza _92196 |
|
| 700 | 1 |
_aRuiz Berrio, Julio, _epról. _914945 |
|
| 710 | 1 |
_aConsejo Superior de Investigaciones Científicas y amigos de la residencia de estudiantes _914946 |
|
| 942 |
_2ddc _cLF1 |
||
| 999 |
_c5038 _d5038 |
||